| 000 | 00826nam a22002177a 4500 | ||
|---|---|---|---|
| 005 | 20260128085630.0 | ||
| 008 | 260128b |||||||| |||| 00| 0 eng d | ||
| 020 | _a978-971-27-3701-5 | ||
| 082 | _aFic. C543 2021 | ||
| 100 |
_aChixnita _9122 |
||
| 245 |
_aTarget of destiny / _cChixnita |
||
| 260 |
_aMandaluyong City: _bAnvil Publishing, _cc2021 |
||
| 300 |
_a3p([766])p. _bill. |
||
| 500 | _aContents: p.1. Chapter 1 - Chapter 14. p.2. Chapter 15 - Chapter 30. p.3. Chapter 31 - Special chapter 2. | ||
| 541 | _e7855 p.1., 7856 p.2., 7857 p.3. | ||
| 650 |
_aRomance fiction, Filipino _9115 |
||
| 650 |
_aMan - woman relationship - Fiction, Filipino _9116 |
||
| 650 |
_aArranged marriage - Fiction, Filipino _9123 |
||
| 650 |
_aLove triangle - Fiction, Filipino _9120 |
||
| 650 |
_aFate and fatalism - Fiction, Filipino _9124 |
||
| 999 |
_c2478 _d2478 |
||